00826nam a2200253 u 450000100100000000500170001000800410002702000150006804000250008308200180010810000210012624500880014726000410023530000280027650400320030465000270033665000160036365000300037965000340040965000350044365000240047865000410050270000290054300000290520200929150259.0090706s1999 dr a r 000 0 spa d a0965010201 aDO-SdBNPbspacBNPHU a220.15bR666c1 aRobles, Leonardo13aLa cara oculta de la globalización /cLeonardo Robles ; prólogo Ramón Romero. aSanto Domingo :bArtimprenso,c1999. a241 p. :bil. ;c21 cm. aBibliografía : p. 243-244 4aProfecías bíblicas 4aProfecías 4aLiteratura apocalíptica 4aInterpretación de la biblia 4aBibliaxPrediccionesySIGLO XX 4aBibliaxEnseñanza 4aGlobalizaciónxAspectos religiosos12aRomero, Ramón,epról